000 01463nam a2200361 i 4500
001 000042729
003 DO-SdBNP
005 20240412074301.0
007 ta
008 140206s2011 dr o r 000 p spa d
020 _a9789945404449
040 _aDO-SdBNP
_bspa
_cBNPHU
_erda
082 _aRD861.5
_bF418m, 2009
_222
111 2 _aFestival Internacional de Poesía
_n(2
_d2009
_cSanto Domingo)
_970045
245 1 0 _aMemorias :
_bII festival internacional de poesía Santo Domingo 2009 /
_cselección y edición Pablo Reyes, León Félix Batista.
246 _aII festival internacional de poesía Santo Domingo 2009 :
_bpalabras en el tiempo /
264 1 _aSanto Domingo :
_bEdiciones de Cultura,
_c2011.
300 _a326 páginas
_bfotografías
_c23 cm.
336 _2rdacontent
_atexto
_btxt
337 _2rdamedia
_asin mediacíon
_bn
338 _2rdacarrier
_avolumen
_bnc
500 _aIncluye memorias fotográficas desde la página 289 a la 326.
590 _aInventariado, 2019 / DG
650 0 _aPoesía dominicana
_966
650 0 _aLiteratura dominicana.
_967
650 4 _aFestivales
_zRepública Dominicana
_970046
700 1 2 _aReyes, Pablo,
_eedición
_937953
700 1 2 _aBatista, León Félix,
_d1964-
_eedición
_912031
740 0 2 _aII Festival Internacional de Poesía Santo Domingo 2009
740 0 2 _aSegundo Festival Internacional de Poesía Santo Domingo 2009
910 _aValidado. Control de calidad. MFF
942 _2ddc
_cLBS1
999 _c42218
_d42218